02011cam a22003015a 45000010009000000050017000090080041000260200025000670400048000920430012001400820028001522450136001802500012003162600054003283000046003825000024004285040041004525200843004936500047013366500036013836510010014196530032014297000030014617000032014919420008015239990017015319520161015481699367820160120141425.0111006t2013 mauad frb 001 0 eng d a9781449665067 (pbk.) aDNLM/DLCbengcDLCdDLCdEG-ScBUEdEG-ScBUE an-us---04a610.7306920973bADV22200aAdvanced practice nursing :bevolving roles for the transformation of the profession /cedited by Susan M. DeNisco, Anne M. Barker. a2nd ed. aBurlington :bJones & Bartlett Learning,cc.2013. axviii, 686 p. :bcharts, tables ;c23 cm. aIndex : p. 657-686. aIncludes bibliographical references. aNursing{u2019}s national accrediting bodies, including the Commission on Collegiate Nursing Education and the National League for Nursing Accreditation Commission, demand that nursing curriculum include and emphasize professional standards. This new edition provides information on these professional standards by including chapters relevant to various aspects of advanced nursing practice, including changes in the national health care agenda, the 2010 Affordable Care Act, and the Institute of Medicine (IOM) 2010 report on the future of nursing. With the explosion of the DNP, the revision of the American Association of College{u2019}s of Nursing (AACN) Master{u2019}s Essentials, and the refinement and development of the Clinical Nurse Leader role, this text is a timely resource for the next generation of advanced practice nursing 0aNurse practitionersvUnited States.2BUEsh 0aMidwivesvUnited States.2BUEsh 2BUEsh bNNURcJuly2015cJanuary20161 aDeNisco, Susan,qeditor. 1 aBarker, Anne M., eeditor.  2ddc c20234d20206 00102ddc40708BaccahaMAINbMAINc1STd2015-07-06ePurchaseg428.00h22353l1o610.7306920973 ADVp000039445r2025-07-15 00:00:00s2023-03-09v534.00yBB